Šumava od A do Z / Jiří Záloha ; fot.: Josef a Marie Erhartovi ; mapa: Kartogr. nakl. Praha
Knížka je vskutku slovníkově pojatou důkladnou vlastivědou s hesly abecedně seřazenými a s historickými, zeměpisnými a kulturními údaji i s prakticky upotřebitelnými informacemi (o zastávkách autobusů a železnic,možnostistravování, data pro mototuristiku apod.). Obecnější hesla (celkové přehledy) jsou nejrozsáhlejší, k širším jménům poukazují odkazy od dílčích názvů. 94 černobílých fotografických snímků je umístěno za textem.
Record details
- Physical Description: 214, [3] s. : il.. mapy ; 22 cm
- Edition: 1. vyd.
- Publisher: České Budějovice : Růže, 1972
Content descriptions
| General Note: | Pozn. Odkazy na lit. Inf. Zkr. Obálka a vazba: Jiří Müller 8000 výt. |
Available copies
- 1 of 1 copy available at Common Catalog SPOK.
Holds
- 0 current holds with 1 total copy.
Show Only Available Copies
| Location | Call Number / Copy Notes | Barcode | Shelving Location | Status | Due Date |
|---|---|---|---|---|---|
| KDS Library | 91.3 ZáJ | 204576802305 | Library | Available | - |
| LDR | 01583nam a22003491 4500 | ||
|---|---|---|---|
| 001 | 21884 | ||
| 003 | CZ-PrJAB | ||
| 005 | 20150717053553.0 | ||
| 007 | ta | ||
| 008 | 970210s1972 xr a 000 | cze | ||
| 015 | . | ‡acnb000161050 | |
| 020 | . | ‡q(Váz.) : ‡cKčs 55,00 | |
| 035 | . | ‡a(CZ PrNK)bk197201753 | |
| 035 | . | ‡a(OCoLC)42169387 | |
| 040 | . | ‡aABA001 ‡bcze ‡cPNA001 ‡dABA001 | |
| 080 | . | ‡a779:908.437.1(234.554)(083.85) ‡2undef | |
| 100 | 1 | . | ‡aZáloha, Jiří, ‡d1926-2009 ‡7jk01152048 ‡4aut |
| 245 | 1 | 0. | ‡aŠumava od A do Z / ‡cJiří Záloha ; fot.: Josef a Marie Erhartovi ; mapa: Kartogr. nakl. Praha |
| 250 | . | ‡a1. vyd. | |
| 260 | . | ‡aČeské Budějovice : ‡bRůže, ‡c1972 ‡e(Vimperk : ‡fJihočes. tisk.) | |
| 300 | . | ‡a214, [3] s. : ‡bil.. mapy ; ‡c22 cm | |
| 500 | . | ‡aPozn. | |
| 500 | . | ‡aOdkazy na lit. | |
| 500 | . | ‡aInf. | |
| 500 | . | ‡aZkr. | |
| 500 | . | ‡aObálka a vazba: Jiří Müller | |
| 500 | . | ‡a8000 výt. | |
| 520 | . | ‡aKnížka je vskutku slovníkově pojatou důkladnou vlastivědou s hesly abecedně seřazenými a s historickými, zeměpisnými a kulturními údaji i s prakticky upotřebitelnými informacemi (o zastávkách autobusů a železnic,možnostistravování, data pro mototuristiku apod.). Obecnější hesla (celkové přehledy) jsou nejrozsáhlejší, k širším jménům poukazují odkazy od dílčích názvů. 94 černobílých fotografických snímků je umístěno za textem. | |
| 700 | 1 | . | ‡aErhartová, Marie, ‡d1937- ‡7jo20000080541 ‡4pht |
| 700 | 1 | . | ‡aErhart, Josef, ‡d1923-2009 ‡7jn19981000994 ‡4pht |
| 910 | . | ‡aABE463 | |
| 964 | . | ‡aŠumava - publikace informační | |
| 998 | . | ‡a000161050 | |
| 901 | . | ‡a21884 ‡b ‡c21884 ‡tbiblio | |